| 000 | 00669cab a2200181 4500 | ||
|---|---|---|---|
| 001 | L141141 | ||
| 008 | 060306n20071026xxkao f 000 0 eng d | ||
| 035 | _a(Sirsi) u141141 | ||
| 041 | 0 | _aeng | |
| 100 | 1 | _aHatcher, David | |
| 245 | 0 | 0 |
_aHotels _bspecial report |
| 260 | _c2007 | ||
| 490 | 0 |
_aProperty Week _v71(43) 26 October 2007, 99-107(5) |
|
| 520 | _aLooks at how spanish hoteliers are moving to the UK; the market for three star hotels; US hotel operator Starwood's plans to bring its luxury W brand to London and Manchester. | ||
| 590 | _aka | ||
| 690 | _aPROPERTY-COMMERCIAL PROPERTY-LEISURE PROPERTY-HOLIDAY AND GUEST PROPERTY-HOTEL PROPERTY | ||
| 942 | _n0 | ||
| 999 |
_c79422 _d79422 |
||